Weihnachtsquiz: Lieder - Statistiken

Allgemein
  • Dieses Quiz wurde 120 mal gespielt
  • Das Durchschnittsergebnis liegt bei 10 aus 12
Antwortstatistiken
Lied % Korrekt
Ihr {Kinderlein}, kommet
98%
O du {fröhliche}
96%
Advent, Advent, {ein} {Lichtlein} {brennt}
95%
Leise {rieselt} {der} {Schnee}
95%
Stille {Nacht}, {Heilige} {Nacht}
93%
In der {Weihnachtsbäckerei}
92%
Lasst uns {froh} {und} {munter} {sein}
86%
O {Tannenbaum}
86%
Kling, {Glöckchen}, {klingelingeling}
84%
J{ingle} B{ells}
81%
{Morgen} {Kinder} wird's was geben
74%
Schnee{flöckchen} {Weißröckchen}
60%
Keine übereinstimmenden Quizze gefunden
Verteilung der Resultate
Anzahl Personen mit jedem Resultat
Perzentil nach korrekt beantworteten Fragen
Ihre Resultats-Entwicklung
Sie haben dieses Quiz noch nicht gespielt